Hình học 11 :

Nội dung giới thiệu phép dời hình và phép đồng dạng trong mặt phẳng, đường thẳng và mặt phẳng trong không gian quan hệ song song. Vectơ trong không gian, quan hệ vuông góc trong không gian.

Bewaard in:
Bibliografische gegevens
Hoofdauteur: Trần, Văn Hạo
Formaat: Boek
Taal:Undetermined
Gepubliceerd in: Hà Nội Giáo dục 2009
Onderwerpen:
Tags: Voeg label toe
Geen labels, Wees de eerste die dit record labelt!
Thư viện lưu trữ: Trung tâm Học liệu Trường Đại học Cần Thơ
LEADER 00935nam a2200217Ia 4500
001 CTU_158788
008 210402s9999 xx 000 0 und d
020 |c 6100 
082 |a 516.00712 
082 |b H108 
100 |a Trần, Văn Hạo 
245 0 |a Hình học 11 : 
245 0 |c Trần Văn Hạo ( tổng chủ biên ) ... [ et al. ] 
260 |a Hà Nội 
260 |b Giáo dục 
260 |c 2009 
520 |a Nội dung giới thiệu phép dời hình và phép đồng dạng trong mặt phẳng, đường thẳng và mặt phẳng trong không gian quan hệ song song. Vectơ trong không gian, quan hệ vuông góc trong không gian. 
650 |a Geometry,Hình học 
650 |x Teacher's book,Sách giáo viên 
904 |i QHieu (Tuyến sửa số 516.0712 thành 516.00712) 
980 |a Trung tâm Học liệu Trường Đại học Cần Thơ